000 00677nam a2200289Ia 4500
005 20260324133014.0
008 008 260324s9999 xx 000 0 eng d
020 _a9780203485460
037 _aEBOOK
040 _aCRL
040 _beng
040 _cCRL
041 _2eng
041 _aeng
084 _qCRL
100 _aDrucilla Cornell
_91118070
245 0 _aDefending Ideals
245 0 _bWar, Democracy, and Political Struggles
260 _bTaylor and Francis
260 _c2004
365 _a
365 _b290
856 _uhttp://www.taylorfrancis.com/books/9780203485460
942 _cEBOOK
999 _c1790078
_d1790078